[Event "EU-ch Hybrid U12 Girls"]
[Site "Tornelo INT"]
[Date "2021.10.15"]
[Round "3"]
[White "Efimova, Darya"]
[Black "Toth, Lili1111"]
[Result "1/2-1/2"]
[WhiteElo "1450"]
[BlackElo "1780"]
[PlyCount "51"]
[EventDate "2021.10.15"]
[EventType "swiss"]
[EventRounds "9"]
[EventCountry "NET"]
[SourceTitle "EXT 2023"]
[Source "ChessBase"]
[SourceDate "2022.10.05"]
[SourceVersion "1"]
[SourceVersionDate "2022.10.05"]
[SourceQuality "1"]
[WhiteTeam "Russia"]
[BlackTeam "Hungary"]
[WhiteTeamCountry "RUS"]
[BlackTeamCountry "HUN"]

1. e4 e5 2. Nf3 Nc6 3. d4 exd4 4. Bc4 Bc5 5. Ng5 Nh6 6. Nxf7 Nxf7 7. Bxf7+ Kxf7 8. Qh5+ g6 9. Qxc5 d6 10. Qb5 Qh4 11. Nd2 Kg7 12. 0-0 Rf8 13. c3 dxc3 14. bxc3 Ne5 15. Bb2 Ng4 16. c4+ Kh6 17. h3 Nxf2 18. Qb3 Nxh3+ 19. gxh3 Bxh3 20. Qe3+ g5 21. Rf3 Bg4 22. Rxf8 Rxf8 23. Rf1 Rxf1+ 24. Nxf1 Kg6 25. e5 Be6 26. Ng3 1/2-1/2

[Event "Wch-ch U10 Girls rapid"]
[Site "Minsk"]
[Date "2019.08.17"]
[Round "9"]
[White "Efimova, Darya"]
[Black "Kuzmina, Varvara"]
[Result "0-1"]
[WhiteElo "1513"]
[BlackElo "1317"]
[PlyCount "88"]
[EventDate "2019.08.16"]
[EventType "swiss (rapid)"]
[EventRounds "9"]
[EventCountry "BLR"]
[SourceTitle "EXT 2020"]
[Source "ChessBase"]
[SourceDate "2019.10.17"]
[SourceVersion "1"]
[SourceVersionDate "2019.10.17"]
[SourceQuality "1"]

1. f4 d5 2. b3 Nf6 3. Bb2 g6 4. e3 Bg7 5. Nf3 c5 6. Be2 Nc6 7. 0-0 0-0 8. Qe1 a6 9. d3 b5 10. Qg3 Nh5 11. Qh4 Bxb2 12. g4 Nf6 13. h3 Bxa1 14. c3 b4 15. cxb4 Kg7 16. g5 Ng8 17. e4 Kh8 18. f5 Bg7 19. Qf4 dxe4 20. dxe4 Qd6 21. Qh4 Nd4 22. Nxd4 Qxd4+ 23. Kh2 Be5+ 24. Kh1 Bb7 25. Bf3 Bg7 26. Rd1 Qe3 27. Bg2 Rad8 28. Re1 Qd4 29. Qf4 Qe5 30. Qf2 Rd4 31. Nd2 Qd6 32. Nc4 Qd7 33. bxc5 Rd1 34. Rxd1 Qxd1+ 35. Kh2 Bd4 36. Qf4 Qg1+ 37. Kg3 Qe1+ 38. Kg4 Qf2 39. Qxf2 Bxf2 40. b4 h5+ 41. gxh6 Nxh6+ 42. Kg5 Kg7 43. Bf1 Bg3 44. Bd3 f6# 0-1